| 000 | 00723nam a2200241I 4500 | ||
|---|---|---|---|
| 001 | 19241 | ||
| 003 | BD-RjUL | ||
| 005 | 20211209000414.0 | ||
| 008 | 140223s1953 enk 1 eng d | ||
| 035 | _a(BD-RjUL)19299 | ||
| 040 |
_aBOS _beng _cWSU _dBD-RjUL |
||
| 041 | _aeng | ||
| 082 | 0 | 4 |
_a821.9 _bHOW 1953 |
| 100 | 1 |
_aHopkins, Kenneth. _959198 |
|
| 245 | 1 | 0 |
_aWalter De La Mare / _cKenneth Hopkins. |
| 260 |
_aLondon : _bPublished for the British Council by Longmans, Green, _c1953 [1957]. |
||
| 300 |
_a44 p. : _c22 cm. |
||
| 490 | 1 |
_aWriters and their work, _vno. 36. |
|
| 600 | 1 | 0 |
_aDe la Mare, Walter, _d1873-1956. _9210856 |
| 830 | 0 |
_v36. _9210857 |
|
| 830 | 0 |
_aWriters and their work, _9166054 |
|
| 942 |
_2ddc _cBK |
||
| 999 |
_c19241 _d19241 |
||